| 000 | 00457nam a2200193Ia 4500 | ||
|---|---|---|---|
| 005 | 20250425161359.0 | ||
| 008 | 250425s9999 xx 000 0 und d | ||
| 020 | _a0070669708 | ||
| 041 | _aeng | ||
| 082 | _a669.95 | ||
| 100 | _aVANDER VOORT, GEORGE F. | ||
| 245 | 0 | _aMETALLOGRAPHY: PRINCIPIPLES AND PRACTICES | |
| 250 | _aS.E. | ||
| 260 |
_aEstados Unidos _bMCGH _c1984 |
||
| 260 | _aNEW YORK | ||
| 300 | _a749 | ||
| 942 | _c01 | ||
| 010 | _a19007 | ||
| 999 |
_c208090 _d208090 |
||